[Event "Paris GCT 2018-Blitz"]
[Site "Paris"]
[Date "2018.06.23"]
[Round "4"]
[White "Grischuk, Alexander"]
[Black "Kramnik, Vladimir"]
[Result "1/2-1/2"]
[WhiteElo "2766"]
[BlackElo "2787"]
[Annotator "TA"]
[PlyCount "149"]
[EventDate "2018.06.23"]
[EventType "tourn"]
[EventCountry "FRA"]
[SourceTitle "playchess.com"]
[Source "ChessBase"]
[SourceQuality "1"]

{[%evp 18,149,37,36,52,29,91,99,133,127,183,12,5,20,20,20,21,20,26,11,117,124,290,295,528,514,528,525,525,524,606,467,423,80,93,36,45,0,0,0,0,0,0,-27,-36,-159,-59,-179,-60,-96,-56,-54,-43,-469,-310,-280,-308,-354,-338,-351,-201,-193,-197,-206,-188,-186,-156,-206,-217,-281,-281,-281,-260,-251,-256,-259,-274,-233,-150,-390,-202,-370,-384,-374,-363,-315,-95,-95,-107,-104,-95,-142,-67,-67,-67,-67,-67,-67,-67,-67,-67,-116,-116,-142,-142,-29975,-29975,-29976,-29977,-29978,-29979,-29979,-29978,-29974,-29975,-29969,-52,-52,-52,-52,-52,-52,-8,-8,-8,-8,-8,-8,-8,-8,-8,-8,-8,-8]} 1. e4 e5 2. Nf3 Nc6 3. Bb5 Nf6 4. d3 d6 5. O-O a6 6. Bxc6+ bxc6 7. d4 exd4 8. Nxd4 c5 9. Nc6 {C79: Ruy Lopez: Steinitz-type lines with 3...a6 4 Ba4 Nf6 5 0-0 d6} Qd7 10. Na5 $1 {LiveBook: 10 Games} Qa4 (10... Be7 11. Re1 O-O 12. c4 c6 13. Bd2 d5 14. e5 Ne4 15. Nc3 Nxd2 16. Qxd2 {1-0 (64) Yu,Y (2751)-Mamedyarov,S (2799) Huaian 2017}) 11. Bd2 {White is slightly better.} Nxe4 $146 (11... Be7 $11 {remains equal.}) ({Predecessor:} 11... Bg4 12. f3 Be6 13. Re1 Be7 14. Kh1 O-O 15. Nc3 Qd7 16. Ne2 Rab8 {½-½ (48) Raja,H (2448)-Triapishko,O (2530) Moscow 2018}) 12. Nc3 $16 Nxc3 13. Bxc3 Be6 (13... Be7 $16 {was necessary.}) 14. Qf3 $2 (14. f4 $1 $18) 14... d5 $11 15. Rfe1 $36 {[%mdl 2048] White fights for an advantage.} O-O-O 16. b3 Qb5 17. Bd2 Qb6 18. c4 Kb8 (18... h5 $11) 19. a3 $1 $16 g5 $2 (19... Kc8 $16) 20. b4 $18 (20. Bxg5 Bg7 $14) 20... g4 $2 (20... cxb4 21. Bxg5 Bg7 22. Bxd8 Rxd8 23. axb4 Bxa1 24. Rxa1 Kc8) 21. Qf6 Bd6 {[%cal Rc5b4]} 22. bxc5 Qxc5 23. Rab1+ Kc8 24. Nb7 Be7 25. Qb2 $2 (25. Nxc5 Bxf6 26. Bf4 (26. Nxe6 fxe6 27. Rxe6 dxc4 $11) (26. Nxa6 dxc4 27. Bf4 Rd4 $11) 26... Bd4 $16) (25. Qh6 $18 {is more deadly.} Qc6 26. Nxd8 Rxd8 27. cxd5 (27. Qxh7 dxc4 28. Bb4 Bxb4 $16) 27... Qxd5 28. Bf4) 25... Qxa3 $16 26. Qc2 ({Reject} 26. Nxd8 $6 Qxb2 27. Rxb2 Rxd8 $15) (26. Qe5 $1 $16 Bd6 27. Qd4 dxc4 28. Qa7 (28. Nxd8 Rxd8 29. Qa7 Bxh2+ 30. Kxh2 Rxd2 $11)) 26... dxc4 $14 27. Nxd8 Rxd8 28. Be3 c3 29. Qe4 {Hoping for Qb7+.} Rd5 $1 30. g3 h5 31. Rec1 (31. Qc4 $1 $15) 31... h4 ({Black should try} 31... Qd6 $17 32. Qa4 c2 $1 {[%mdl 512]} 33. Qxc2 Bf5) 32. Ra1 (32. gxh4 $15 Bxh4 33. h3) 32... Qd6 ({Black should play} 32... Qb4 $19 33. Qxb4 Bxb4 34. Rxa6 c2 $1 {[%mdl 512]} 35. gxh4 (35. Ra8+ $2 Kd7 $19) 35... Bf5 36. Ra8+ Kd7) 33. gxh4 Bf5 34. Qc4 c2 {White must now prevent ...Rd1+.} 35. Qe2 $2 {[%mdl 8192]} (35. Rxa6 $15 Rd1+ 36. Kg2 Qd5+ 37. Qxd5 Rxd5 38. Kg3) 35... Bd3 36. Qxg4+ Bf5 37. Qf3 Qg6+ ({Weaker is} 37... Bxh4 38. Rxa6 $1 {[%mdl 512]} Qxa6 39. Qxd5 $15) 38. Qg3 Bxh4 (38... Qh5 $142 39. Rf1 Rd1) 39. Qxg6 $19 fxg6 40. Kg2 Kb7 41. Ra2 Bf6 42. Kf3 {[#]} a5 $1 43. Ke2 Bd3+ 44. Kf3 Rf5+ 45. Kg2 Be4+ 46. Kf1 Rb5 47. Ke2 Rb3 48. Kd2 $2 {[#]} (48. Rxa5 $17 {keeps fighting.} Bb2 49. Rg1) 48... Bc3+ $1 49. Ke2 Bb2 50. Rg1 Bd3+ 51. Kd2 {aiming for Rxb2!} c1=Q+ $2 (51... Bf5 $19 {has better winning chances. Threatens to win with ...Ba3.} 52. Ke2 Ba3) 52. Rxc1 $17 Bxc1+ 53. Kxc1 {[%mdl 4096] Endgame KRB-KRB} Ka6 54. Rb2 Rxb2 (54... Rb4 $17 55. Bd2 Rc4+ 56. Kd1 c5) 55. Kxb2 {KB-KB} Kb5 56. Kc3 Bf5 57. Bg5 c5 {[%cal Bc7c5,Bc5c4,Bc4c3][%mdl 32]} 58. Be7 a4 {[%cal Ba5a4,Ba4a3][%mdl 32]} 59. Kb2 Kb4 60. Bf6 a3+ 61. Ka1 $2 {[%mdl 8192]} (61. Ka2 $17) 61... Kb3 62. Bg5 c4 63. Bc1 c3 64. h4 Be4 65. f4 Bf5 66. Be3 Kc2 $2 (66... Be6 {mates} 67. f5 gxf5 68. h5 Kc2 69. h6 Bg8 70. h7 Bxh7 71. Ka2 Bg8+ 72. Kxa3 Kb1 73. Kb4 c2 74. Kb5 c1=Q 75. Bc5 Qc4+ 76. Kc6 Be6 77. Kb6 Bd5 78. Ba3 Qc6+ 79. Ka5 Bc4 80. Kb4 Kc2 81. Bc1 Qb5+ 82. Ka3 Qb3#) 67. Ka2 $15 Kd1 {Strongly threatening ...c2.} 68. Kxa3 Be6 69. f5 gxf5 70. h5 {The position is equal.} Bg8 71. h6 $1 Ke2 (71... Kc2 $5 72. Kb4 $8 Kd3 $11) 72. Bg5 Kf3 73. h7 Bxh7 74. Kb3 Kg4 75. Bc1 {Precision: White = 40%, Black = 45%.} 1/2-1/2

[Event "Paris GCT 2018-Blitz"]
[Site "Paris"]
[Date "2018.06.23"]
[Round "4"]
[White "Aronian, Levon"]
[Black "Anand, Viswanathan"]
[Result "1-0"]
[WhiteElo "2764"]
[BlackElo "2759"]
[Annotator "TA"]
[PlyCount "83"]
[EventDate "2018.06.23"]
[EventType "tourn"]
[EventCountry "FRA"]
[SourceTitle "playchess.com"]
[Source "ChessBase"]
[SourceQuality "1"]

{[%evp 17,83,-6,0,0,0,-40,-31,-43,11,-13,7,0,0,0,4,7,14,0,18,0,0,0,49,46,65,60,125,116,143,141,143,147,147,139,178,125,178,181,172,63,68,63,108,97,103,93,108,92,120,102,92,0,103,96,118,117,115,68,505,495,2240,133,175,162,176,176,29995,29996]} 1. e4 c6 2. d4 d5 3. exd5 cxd5 4. c3 Nc6 5. Bd3 Qc7 6. Nd2 {B13: Caro-Kann (Abtausch-Variante 4.c4)} (6. Ne2 Nf6 7. Bf4 e5 8. dxe5 Nxe5 9. Bb5+ Kd8 10. O-O Bd6 11. Nd2 Be6 12. Nd4 a6 13. Re1 axb5 14. Nxb5 {0-1 (22) Carlsen,M (2832)-So,W (2815) chess.com INT 2017}) 6... Nf6 7. Ngf3 Bg4 8. Nf1 e6 9. Ng3 Nh5 {LiveBook: 3 Partien} 10. O-O Bd6 11. Re1 $146 ({Vorgänger:} 11. h3 Bxf3 12. Qxf3 Nxg3 13. fxg3 Bxg3 14. Qh5 g6 15. Qh6 f5 {1-0 (32) Nogueiras Santiago,J (2550)-Izeta Txabarri,F (2460) Santa Clara 1994}) 11... Nxg3 12. hxg3 Bh5 (12... h5 $15) 13. a4 Bg6 14. Bf1 O-O 15. Bd3 Rfe8 16. Bxg6 hxg6 17. Ng5 Qd7 18. Qg4 f6 19. Nh3 ({Viel schwächer wäre} 19. Nxe6 Nd8 $17) 19... Kf7 20. Bf4 $36 {[%mdl 2048] Weiss hat Initiative.} Bf8 21. Re2 Ne7 ({Lieber} 21... Rad8 $14) 22. Qf3 Kg8 23. Rae1 Nf5 {[%cal Be7f5,Bf5d6,Bd6e4][%mdl 32]} 24. g4 {[%cal Bg3g4,Bg4g5][%mdl 32]} Nd6 25. g5 {Schwarz muss nun gxf6 beachten.} Ne4 26. Qd3 (26. Qg4 $18) 26... Qf7 (26... e5 $16 {war angesagt.}) 27. f3 $18 Nd6 28. Bxd6 ({Besser ist} 28. Bh2 $18) 28... Bxd6 $14 29. f4 Re7 30. g3 Rae8 31. Qd2 a6 32. Kg2 Rf8 33. Qd3 Rfe8 34. Qd2 Rf8 $1 35. Re3 Qe8 36. Qd1 Kf7 37. Nf2 fxg5 $2 {[%mdl 8192]} (37... Rh8 $14) 38. Nh3 $1 $18 {[%cal Rh3g5]} gxf4 {[#]} (38... Qc6 $142 39. Nxg5+ Ke8 40. Nxe6 Rf6) 39. Rxe6 $1 {[%mdl 512]} Rxe6 40. Ng5+ Kg8 41. Rxe6 {Beabsichtigt Dh1 und Matt.} Qd7 $2 (41... Qd8 $18 42. Rxg6 f3+ 43. Nxf3 Qe7) 42. Qh1 {Precision: Weiß = 56%, Schwarz = 37%.} 1-0

[Event "Paris GCT 2018-Blitz"]
[Site "Paris"]
[Date "2018.06.23"]
[Round "5"]
[White "Caruana, Fabiano"]
[Black "Karjakin, Sergey"]
[Result "0-1"]
[WhiteElo "2816"]
[BlackElo "2782"]
[Annotator "TA"]
[PlyCount "88"]
[EventDate "2018.06.23"]
[EventType "tourn"]
[EventCountry "FRA"]
[SourceTitle "playchess.com"]
[Source "ChessBase"]
[SourceQuality "1"]

{[%evp 12,88,4,0,0,0,0,0,0,0,0,12,37,27,55,22,33,47,37,43,40,19,46,24,45,19,27,18,22,22,83,72,87,81,45,31,44,0,0,-40,-23,-153,-56,-56,-55,-49,-26,-229,-151,-147,-143,-137,-133,-123,-53,-97,-71,-98,-106,-219,-179,-312,-127,-157,-159,-153,-125,-182,-186,-158,506,-179,-171,-943,-928,-828,-580,-1072,-1085]} 1. e4 e5 2. Nf3 Nc6 3. Nc3 Nf6 4. a3 d5 5. Bb5 d4 (5... Nxe4 6. Qe2 Nxc3 7. Qxe5+ Qe7 8. dxc3 Bd7 9. Qe3 O-O-O 10. O-O Qxe3 11. Bxe3 a6 12. Bd3 h6 {½-½ (91) Mamedov,R (2709)-Yu,Y (2751) Huaian 2017}) 6. Ne2 {C47: Scotch Four Knights and Four Knights with 4 g3} Bd6 7. d3 {LiveBook: 8 Games} O-O 8. Bc4 $146 {The position is equal.} ({Predecessor:} 8. Ng3 Na5 9. O-O c6 10. Ba4 b5 11. Bb3 Nxb3 12. cxb3 Re8 {1-0 (31) Durarbayli,V (2630)-Ererdem,G (2164) Konya 2015}) 8... Na5 9. Ba2 c5 10. Ng3 b5 11. O-O c4 12. Bd2 Be6 13. Ng5 Bg4 14. Qe1 Bc7 15. h3 Bd7 16. b4 c3 17. Bc1 Nc6 18. f4 $1 h6 19. fxe5 Nxe5 ({Of course not} 19... hxg5 20. exf6 gxf6 21. Bd5 $16) 20. Nf3 Nxf3+ (20... Be6 $11 {remains equal.}) 21. Rxf3 $16 a5 22. bxa5 Rxa5 23. Qf2 Be5 24. Bb3 {[#]} b4 $1 {[%mdl 512]} 25. Nf5 (25. axb4 Rxa1) 25... Be6 26. Bxh6 (26. Bf4 $11 Bxf4 27. Rxf4) 26... Bxf5 (26... gxh6 $17 27. Nxh6+ Kh7 28. Bxe6 Kxh6) 27. Bxg7 $1 $15 Kxg7 28. Rxf5 {And now Rf1 would win.} Qd6 29. a4 $2 ({Don't go for} 29. Rg5+ $2 Kh8 $19) (29. Rf1 $1 $11) 29... Bh2+ 30. Kh1 Rxf5 31. Qxf5 Qe5 $1 32. Rf1 Rh8 (32... Bg3 $1 $17 33. Rf3 Rh8) 33. Rf3 Rh5 34. Qc8 Qc7 $1 {[%cal Rc7c8]} 35. Qa6 (35. Qxc7 $17 {was the only chance.} Bxc7 36. g4 $1 {[%mdl 512]}) 35... Be5 36. a5 (36. Qb5 {might work better.}) 36... Rg5 (36... Bd6 $19 {has better winning chances.} 37. g4 Rxa5) 37. Qb6 Qxb6 38. axb6 Kf8 39. b7 (39. g4 $17) 39... Ke7 $19 40. g4 {[#]} Kd8 $2 {[#]} (40... Rg8 $1 $17 {and life is bright.} 41. Bc4 Kd6) 41. Bxf7 $4 {[%mdl 8192]} (41. Rxf6 $1 $18 {[%mdl 512] was the only winning move.} Kc7 (41... Bxf6 42. b8=Q+) 42. Rxf7+ Kb8 43. Kg2) 41... Kc7 42. Rf5 $2 (42. Rf1) 42... Rxf5 {Black is clearly winning.} 43. exf5 Nd7 44. g5 {intending Kg2.} Nc5 {Precision: White = 38%, Black = 44%.} 0-1

[Event "Paris GCT 2018-Blitz"]
[Site "Paris"]
[Date "2018.06.23"]
[Round "5"]
[White "Vachier-Lagrave, Maxime"]
[Black "Aronian, Levon"]
[Result "1/2-1/2"]
[WhiteElo "2789"]
[BlackElo "2764"]
[Annotator "TA"]
[PlyCount "81"]
[EventDate "2018.06.23"]
[EventType "tourn"]
[EventCountry "FRA"]
[SourceTitle "playchess.com"]
[Source "ChessBase"]
[SourceQuality "1"]

{[%evp 21,81,34,18,14,39,30,35,34,77,72,64,73,69,73,108,96,104,109,130,130,130,124,130,127,120,69,60,43,58,61,70,70,61,54,54,54,54,46,42,36,70,11,17,9,19,9,8,0,8,0,0,0,0,0,0,0,0,-22,0,0,0,0]} 1. e4 e5 2. Nf3 Nc6 3. Bc4 Bc5 4. c3 Nf6 5. d3 O-O 6. O-O d5 7. exd5 Nxd5 8. a4 {C54: Italienische Partie (Hauptvariante)} a5 9. Re1 Bg4 10. Nbd2 Nb6 11. Bb5 Bd6 {LiveBook: 6 Partien} 12. Ne4 Ne7 $146 (12... Na7 {seems wilder.} 13. Be3 Nxb5 14. axb5 Nd5 15. h3 Bh5) ({Vorgänger:} 12... Na7 13. h3 Bh5 14. d4 Nxb5 15. axb5 exd4 16. Nxd6 Bxf3 17. Qxf3 Qxd6 {½-½ (88) Giri,A (2782)-Aronian,L (2792) Leuven 2016}) 13. d4 exd4 14. Nxd6 ({Bitte nicht} 14. cxd4 Bb4 $15) 14... cxd6 15. Qxd4 Bxf3 16. gxf3 {Droht Txe7! und aus.} Nc6 17. Qg4 Qf6 18. Bg5 Qg6 {und nun wäre ...Se5 stark für Schwarz.} 19. Be3 Nd5 {[#]} 20. Qxg6 $1 hxg6 {[#]} 21. Rad1 $1 {[%cal Rd1d5]} Nxe3 22. Rxe3 Rfd8 23. f4 (23. Red3 $16) 23... Kf8 $14 24. Kg2 Ne7 25. Red3 Nf5 26. Rd5 b6 27. Be2 Rac8 28. Rb5 Rc6 29. Bg4 Rc4 30. Bxf5 gxf5 {[%mdl 4096] Endspiel KTT-KTT} 31. Kg3 ({Besser ist} 31. Rd4 $14 Rxd4 32. cxd4) 31... Rxa4 $11 {Die Stellung ist ausgeglichen.} 32. Rxb6 Ra2 33. Rd5 g6 34. c4 Rc8 35. Rd4 Kg7 36. h3 Ra4 37. b3 Ra3 38. f3 a4 39. bxa4 Rxa4 40. Rbxd6 Raxc4 41. Rxc4 {Precision: Weiß = 62%, Schwarz = 66%.} 1/2-1/2

[Event "Paris GCT 2018-Blitz"]
[Site "Paris"]
[Date "2018.06.23"]
[Round "5"]
[White "Kramnik, Vladimir"]
[Black "Nakamura, Hikaru"]
[Result "0-1"]
[WhiteElo "2787"]
[BlackElo "2769"]
[Annotator "TA"]
[PlyCount "78"]
[EventDate "2018.06.23"]
[EventType "tourn"]
[EventCountry "FRA"]
[SourceTitle "playchess.com"]
[Source "ChessBase"]
[SourceQuality "1"]

{[%evp 9,78,30,29,-8,6,2,18,12,16,8,13,14,18,0,14,-1,0,0,21,14,12,8,72,37,53,31,39,23,27,18,39,6,21,-2,0,0,6,-7,0,-258,-246,-241,-81,-306,-318,-317,-312,-332,-310,-322,-264,-282,-291,-285,-275,-277,-235,-368,-335,-357,-354,-481,-480,-406,-418,-623,-625,-618,-617,-661,-638]} 1. Nf3 d5 2. g3 Nf6 3. Bg2 e6 4. O-O Be7 5. c4 O-O {LiveBook: 5687 Games} 6. Re1 $146 {A14: English Opening: 1...e6 with b3 by White} ({Predecessor:} 6. d4 dxc4 7. Qa4 a6 8. Qxc4 b5 9. Qc2 Bb7 10. Bd2 Be4 11. Qc1 c6 12. Rd1 Nbd7 13. Nc3 Bg6 14. Bg5 Rc8 15. a3 a5 16. h4 h6 17. Bxf6 Bxf6 18. Qe3 Qb6 19. Ne4 {½-½ (28) Kramnik,V (2787)-So,W (2792) Wijk aan Zee 2018}) 6... c5 7. cxd5 Nxd5 8. d4 {The position is equal.} cxd4 9. Nxd4 Nc6 10. Nxc6 bxc6 11. Qc2 Qb6 12. Bd2 c5 13. Na3 Bb7 14. Nc4 Qa6 15. Na5 Bc8 (15... Rac8 $11 {keeps the balance.}) 16. Rac1 Bd7 {[%cal Bc8d7,Bd7b5,Bb5d3][%mdl 32]} 17. a3 Bb5 18. e4 Nb6 {[%cal Bd5b6,Bb6a4,Ba4b2][%mdl 32]} 19. b3 Bd3 20. Qc3 {aiming for Nc6.} Rac8 21. Bf4 Rfd8 22. Red1 c4 $36 {[%mdl 2048] Black is pushing.} 23. bxc4 Na4 24. Qe1 $2 {[%mdl 8192] [#]} (24. Qb3 $1 $11 {and White stays safe.} Nc5 25. Qb5) 24... Nb2 $19 25. e5 {Threatening Bb7.} Rc7 $2 (25... Nxd1 $19 26. Rxd1 Rc7) 26. Qc3 $2 (26. Bd2 $17) 26... Nxd1 27. Rxd1 {intending Nc6.} Bxc4 28. Rxd8+ Bxd8 29. Qd4 {[%cal Rd4d8] [#]} Bd5 30. Bxd5 exd5 ({Weaker is} 30... Qxa5 31. Bxe6 fxe6 32. Qxd8+ Kf7 33. Qd1 $17) 31. Qxd5 {[%cal Rd5d8]} Qc8 32. Nb3 Be7 33. Nd4 (33. a4 $142) 33... Qd7 34. Qxd7 Rxd7 {KRB-KBN} 35. Nc6 Bxa3 36. Be3 a6 37. Kg2 (37. Kf1 $142 Rc7 38. Nd4) 37... Rc7 {Black is clearly winning.} 38. Nd4 Bc5 39. e6 Bxd4 {Precision: White = 38%, Black = 49%.} 0-1

[Event "Paris GCT 2018-Blitz"]
[Site "Paris"]
[Date "2018.06.23"]
[Round "5"]
[White "So, Wesley"]
[Black "Grischuk, Alexander"]
[Result "0-1"]
[WhiteElo "2778"]
[BlackElo "2766"]
[Annotator "TA"]
[PlyCount "102"]
[EventDate "2018.06.23"]
[EventType "tourn"]
[EventCountry "FRA"]
[SourceTitle "playchess.com"]
[Source "ChessBase"]
[SourceQuality "1"]

{[%evp 33,102,15,41,16,34,16,34,34,34,34,28,-44,-35,-114,-120,-116,-61,-60,-53,-58,-52,-64,-36,-64,-63,-70,-50,-106,-86,-87,-71,-102,-100,-101,-85,-106,-109,-124,-94,-266,-244,-237,-216,-222,-214,-227,-223,-253,-218,-267,-200,-317,-277,-835,-302,-899,-902,-883,-866,-869,-847,-853,-847,-1307,-1297,-1447,-1407,-1709,-1666,-2024,-1987]} 1. Nf3 Nf6 2. c4 g6 3. Nc3 Bg7 4. e4 d6 5. d4 {[%cal Bd2d4,Bd4d5][%mdl 32]} O-O 6. Be2 e5 7. O-O Nc6 8. d5 Ne7 9. Ne1 Nd7 10. f3 f5 11. Be3 f4 12. Bf2 g5 13. Rc1 Ng6 14. c5 Nxc5 15. b4 Na6 16. Nb5 b6 {E99: Königsindisch (Klassisches System)} (16... Bd7 17. a4 h5 18. Nd3 Rf7 19. Rc4 Bf8 20. Kh1 Rg7 21. Rg1 Nh8 22. g3 fxg3 23. Rxg3 Nf7 24. Qc1 g4 25. fxg4 hxg4 26. Nxc7 Nxc7 27. Rxc7 {1-0 (50) So,W (2812)-Grischuk,A (2761) Paris 2017}) 17. Nd3 Rf7 {LiveBook: 7 Partien} 18. Rc3 {[%mdl 1024] Weiss hat Kompensation.} h5 {Die Stellung ist ausgeglichen.} 19. h3 Bf6 $146 ({Vorgänger:} 19... Nf8 20. Be1 Nh7 21. Ra3 Nf6 22. Nf2 Bf8 23. Qb3 Qe8 {0-1 (63) Bennborn,J (2274)-Doroshenko,A (2223) ICCF email 2013}) 20. Be1 Qd7 21. Nf2 Bd8 22. Qb3 (22. Ra3 $1 $11) 22... Nb8 $1 $15 {[%cal Ba6b8,Bb8d7,Bd7f6][%mdl 32]} 23. Bd2 {[#]} (23. a4 $15) 23... a6 $1 $17 {[%cal Ra6b5]} 24. Na3 Qe7 (24... b5 $17 25. Be1 Bb7) 25. Rfc1 Nd7 26. Nc4 Bb7 27. a4 Nf6 28. Qc2 Rg7 29. Be1 Rb8 30. Na3 (30. Nd2 $15) 30... Bc8 31. Qd1 Ra8 32. Nc4 {Mit der Idee Sxb6!} Bd7 33. Nd2 Qe8 34. Ra1 Nh8 35. Qc2 Nf7 36. Rxc7 $2 {[#]} (36. Nf1 $17 {ist wohl besser.}) 36... Bxc7 $19 37. Qxc7 b5 ({Auf keinen Fall} 37... Bxa4 38. Qxb6 Bb5 39. Bxb5 $17) 38. axb5 axb5 39. Rxa8 Qxa8 40. Qa5 Qe8 41. Kf1 Rg6 42. Nb1 (42. Qa7 $142) 42... g4 {zielt auf ...gxh3 ab.} 43. Nc3 $2 (43. h4) 43... gxf3 $2 (43... gxh3 44. Nxb5 hxg2+ 45. Kg1 h4) 44. gxf3 $2 (44. Bxf3 Ng5 45. Bd1) 44... Qc8 {Schwarz steht klar auf Gewinn.} 45. Bxb5 Bxh3+ 46. Ke2 Rg1 47. Bc6 Bf1+ 48. Kd2 Ng5 {[%cal Bf7g5,Bg5f3,Bf3d4][%mdl 32]} 49. Kc2 Nxf3 50. Bd2 Rg2 51. Qa7 Nd4+ {Precision: Weiß = 24%, Schwarz = 64%.} 0-1

[Event "Paris GCT 2018-Blitz"]
[Site "Paris"]
[Date "2018.06.23"]
[Round "5"]
[White "Anand, Viswanathan"]
[Black "Mamedyarov, Shakhriyar"]
[Result "1/2-1/2"]
[WhiteElo "2759"]
[BlackElo "2808"]
[Annotator "TA"]
[PlyCount "60"]
[EventDate "2018.06.23"]
[EventType "tourn"]
[EventCountry "FRA"]
[SourceTitle "playchess.com"]
[Source "ChessBase"]
[SourceQuality "1"]

{[%evp 21,60,37,79,40,34,22,45,33,34,38,40,39,39,33,42,0,8,-9,10,12,12,18,58,58,82,60,134,87,144,90,280,0,0,0,0,0,0,0,0,0,0]} 1. e4 c5 2. Nf3 Nf6 3. e5 Nd5 4. Nc3 e6 5. Nxd5 exd5 6. d4 Nc6 7. dxc5 Bxc5 8. Qxd5 d6 9. exd6 Qb6 10. Qe4+ Be6 11. Qh4 f6 {LiveBook: 11 Games. B29: Sicilian: 2 Nf3 Nf6 (Nimzowitsch Variation)} (11... Bxd6 12. Bd3 Nb4 13. O-O Nxd3 14. Qa4+ Qc6 15. Qxc6+ bxc6 16. cxd3 O-O 17. Nd4 Bd7 18. Be3 Rfb8 19. b3 {1-0 (86) David,A (2602)-Magem Badals,J (2522) France 2009}) 12. Bc4 $146 ({Predecessor:} 12. Bd3 O-O-O 13. O-O Rxd6 14. Be3 Bxe3 15. fxe3 h5 16. Qg3 Rd7 17. b3 Qxe3+ 18. Kh1 Qc5 19. Rae1 {½-½ (34) Moura,A (2437)-Finnie,D (2426) ICCF email 1999}) 12... Bxf2+ 13. Qxf2 Bxc4 14. b3 {[#] Hoping for Qxb6.} Qxf2+ 15. Kxf2 Bf7 16. c4 Kd7 17. Ba3 a5 {[%cal Ba7a5,Ba5a4][%mdl 32]} 18. Nd2 Rhe8 19. Rhe1 Ne5 {aiming for ...Nd3+.} 20. Kg1 $36 {[%mdl 2048] White is more active.} a4 21. Ne4 b6 22. Nc3 $1 Ra6 23. Nb5 {Black must now prevent Nc7.} Rc8 (23... axb3 $14 24. axb3 Nc6) 24. Bb2 Nc6 {[#]} (24... axb3 $142 25. axb3 Rxa1 26. Rxa1 Nc6) 25. Rad1 (25. Nc7 $142 $1 {[%cal Rc7a6]} Ra7 26. Rad1) 25... Bg6 $2 (25... axb3 $16 26. axb3 Re8) 26. Re7+ $2 ({Better is} 26. Nc7 $18 Rxc7 27. dxc7+ Kxc7 28. b4) 26... Nxe7 $11 {The position is equal.} 27. dxe7+ Kxe7 {Strongly threatening ...axb3.} 28. Ba3+ $1 Ke8 29. Re1+ Kd8 $1 30. Rd1+ Ke8 {Precision: White = 44%, Black = 45%.} 1/2-1/2

[Event "Paris GCT 2018-Blitz"]
[Site "Paris"]
[Date "2018.06.23"]
[Round "6"]
[White "Mamedyarov, Shakhriyar"]
[Black "Vachier-Lagrave, Maxime"]
[Result "1-0"]
[WhiteElo "2808"]
[BlackElo "2789"]
[Annotator "TA"]
[PlyCount "99"]
[EventDate "2018.06.23"]
[EventType "tourn"]
[EventCountry "FRA"]
[SourceTitle "playchess.com"]
[Source "ChessBase"]
[SourceQuality "1"]

{[%evp 20,99,0,-3,0,8,5,-10,0,0,0,0,0,0,0,0,0,0,0,0,0,0,0,0,0,0,5,8,8,32,83,21,29,-10,0,0,0,0,606,614,572,445,968,971,922,914,957,947,923,877,1083,1083,1083,1068,988,988,6119,5273,4049,1918,1790,1736,29955,12595,7534,7269,6714,5704,1760,1394,1236,1191,29974,29973,29974,29946,29976,1011,29978,29977,29979,29980]} 1. d4 Nf6 2. Nf3 g6 3. Bg5 Bg7 4. Nbd2 O-O 5. c3 d6 6. e4 c5 7. d5 {A48: Königsindisch (ohne c2-c4)} h6 8. Bh4 e6 9. dxe6 Bxe6 10. Bd3 Nc6 11. O-O {LiveBook: 3 Partien} Re8 12. Re1 Qc7 13. Bc4 {[#]} Rad8 $146 ({Vorgänger:} 13... Nh5 14. Bg3 Nxg3 15. hxg3 {0-1 (81) Gelfand,B (2743)-Nepomniachtchi,I (2740) Moscow 2016}) 14. h3 a6 15. a4 g5 16. Bxe6 Rxe6 17. Bg3 Qe7 {[%cal Rf6e4]} 18. Qc2 Re8 19. Rad1 b5 20. axb5 axb5 21. Qb3 b4 22. Qa4 Qb7 23. Nc4 bxc3 24. Nxd6 Rxd6 (24... Qa8 $1 $14 25. Qxa8 Rxa8) 25. Rxd6 (25. Bxd6 $16 {Droht e5 und aus.} Ra8 26. Qc4 cxb2 27. e5 (27. Qxc5 Nxe4 28. Rxe4 b1=Q $11) (27. Bxc5 Nd7 $11)) 25... cxb2 $11 {[#] Weiss muss nun ...Txe4! beachten.} 26. Rb1 Nxe4 27. Rxc6 {Und weiter mit Tc7 wäre nett.} Nc3 28. Rc7 Qb8 $2 {[%mdl 8192] [#]} (28... Nxa4 $11 29. Rxb7 c4) 29. Qd7 $1 $18 {[%mdl 512]} Rf8 30. Rb7 Qxb7 (30... Ne2+ $142 31. Kh2 Qe8) 31. Qxb7 Nxb1 32. Be5 Nd2 33. Bxb2 ({Schwächer ist} 33. Nxd2 Bxe5 34. Kf1 c4 $16) 33... Nxf3+ 34. gxf3 Bxb2 35. Qxb2 {[%mdl 4096] Endspiel KD-KT} Re8 36. Qb5 Re6 37. f4 gxf4 38. Qb8+ Kg7 39. Qxf4 Rg6+ 40. Kf1 Re6 41. Qf5 (41. Qg3+ $142 Kh7 42. Qc7 Kg6 43. Qxc5 Re4 44. Kg2 Re2 45. h4 Re4 46. Qf8 Rg4+ 47. Kh3) 41... c4 42. Qc5 Kg8 43. Qxc4 Kg7 44. Kg2 Rg6+ 45. Kf3 Rf6+ 46. Kg4 Rg6+ 47. Kh5 Rg5+ 48. Kh4 Rg6 49. Qd4+ Kg8 50. f4 {Precision: Weiß = 75%, Schwarz = 45%.} 1-0